LIBRARY & INFORMATION CENTRE, KCAET, TAVANUR

ONLINE PUBLIC ACCESS CATALOGUE (OPAC)

Project profiles (Record no. 5377)

MARC details
000 -LEADER
fixed length control field 00380cam a2200157ua 4500
003 - CONTROL NUMBER IDENTIFIER
control field OSt
008 - FIXED-LENGTH DATA ELEMENTS--GENERAL INFORMATION
fixed length control field 260213b |||||||| |||| 00| 0 eng d
041 ## - LANGUAGE CODE
Language code of text/sound track or separate title eng
082 ## - DEWEY DECIMAL CLASSIFICATION NUMBER
Classification number 028.74621
Item number DEV/PR
245 ## - TITLE STATEMENT
Title Project profiles
250 ## - EDITION STATEMENT
Edition statement 2 /
260 ## - PUBLICATION, DISTRIBUTION, ETC. (IMPRINT)
Place of publication New Delhi :
Name of publisher Ministry of Indusrty, Govt. of India ,
Year of publication 1986.
300 ## - PHYSICAL DESCRIPTION
Number of Pages 654 ; .
942 ## - ADDED ENTRY ELEMENTS (KOHA)
Koha item type Books
Holdings
Withdrawn status Lost status Damaged status Home library Current library Date acquired Full call number Accession Number Koha item type
      KAUAET KAUAET 01/11/1988 028.74621 16402 Reference
free website counter